000
00363nam a2200169Ia 4500
001
8919
008
140325s9999 xx 000 0 und d
020
_a
1-85158-262-2
040
_c
PK-LaUMT
082
_a
613
_b
VRI-B
100
_a
Vries, Jan de
245
_a
Body energy
_c
Vries, Jan de
260
_c
1992
300
_a
160 p.
546
_a
EN
942
_c
BK
999
_c
10148
_d
10148